000 00719nam a2200241 a 4500
001 26727
003 CO-ViMGA
008 141112s2004 ck r 000 u spa d
020 _a9789974690394
040 _aCO-ViMGA
_bspa
_cCO-ViMGA
082 0 4 _aI809.899 D13v
100 1 _aDahl, Michael
245 1 0 _aSi tú fueras un verbo /
_cMichael Dahl ; adaptación y traducción al español Equipo Editorial Cypres ; ilustraciones Sara Gray
250 _a1a. ed.
260 _aUruguay :
_bLatinbooks,
_c2010
300 _a24 p. : il. ; 24 cm
650 1 4 _aLenguaje
650 1 4 _aLibro didácticos
650 1 4 _aLiteratura infantil
_92746
650 1 4 _aVerbo
_93917
700 1 _aGray, Sara, il.
942 _2ddc
_cBK
999 _c10074
_d10074